[Event "CRO-chT Cup 22nd"]
[Site "Bol"]
[Date "2013.05.25"]
[Round "5.103"]
[White "Antunovic, Ivo"]
[Black "Djuric, Petar1111"]
[Result "1/2-1/2"]
[WhiteElo "2137"]
[BlackElo "1912"]
[PlyCount "49"]
[EventDate "2013.05.22"]
[EventType "team"]
[EventRounds "6"]
[EventCountry "CRO"]
[SourceTitle "CBM 154 Extra"]
[Source "ChessBase"]
[SourceDate "2013.06.25"]
[SourceVersion "2"]
[SourceVersionDate "2013.06.25"]
[SourceQuality "1"]
[WhiteTeam "Pula"]
[BlackTeam "Nova Gradiska"]
[WhiteTeamCountry "CRO"]
[BlackTeamCountry "CRO"]

1. d4 Nf6 2. f3 d5 3. e4 dxe4 4. Nc3 e6 5. Bg5 Be7 6. Qd2 h6 7. Bh4 Nd5 8. Bxe7 Qxe7 9. Nxe4 a6 10. c3 Nf6 11. Bd3 Nbd7 12. Ne2 c5 13. 0-0 0-0 14. Kh1 b5 15. Rad1 Bb7 16. Bb1 Rad8 17. Qc2 cxd4 18. Nxd4 Nxe4 19. fxe4 Nc5 20. Rde1 e5 21. Nf5 Qg5 22. h4 Qd2 23. Re2 Qxc2 24. Bxc2 Rd7 25. b4 1/2-1/2

[Event "CRO-chT Cup 22nd"]
[Site "Bol"]
[Date "2013.05.23"]
[Round "2.93"]
[White "Berke, Ana"]
[Black "Antunovic, Ivo"]
[Result "1/2-1/2"]
[WhiteElo "2137"]
[BlackElo "2137"]
[PlyCount "46"]
[EventDate "2013.05.22"]
[EventType "team"]
[EventRounds "6"]
[EventCountry "CRO"]
[SourceTitle "CBM 154 Extra"]
[Source "ChessBase"]
[SourceDate "2013.06.25"]
[SourceVersion "2"]
[SourceVersionDate "2013.06.25"]
[SourceQuality "1"]
[WhiteTeam "Rijeka Liburnija (W)"]
[BlackTeam "Pula"]
[WhiteTeamCountry "CRO"]
[BlackTeamCountry "CRO"]

1. e4 d6 2. d4 Nf6 3. Nc3 g6 4. Be3 Bg7 5. f3 0-0 6. Qd2 c6 7. g4 b5 8. g5 Nh5 9. Bd3 e5 10. Nge2 b4 11. Nd1 Nd7 12. Nf2 exd4 13. Nxd4 Ne5 14. Be2 c5 15. Nb5 Ba6 16. Qxd6 Bxb5 17. Qxd8 Raxd8 18. Bxb5 Nxf3+ 19. Ke2 Nd4+ 20. Bxd4 Bxd4 21. Nd3 f6 22. gxf6 Rxf6 23. Rhf1 Rdf8 1/2-1/2

[Event "Porec op"]
[Site "Porec"]
[Date "2011.12.01"]
[Round "2"]
[White "Antunovic, Ivo"]
[Black "Zaja, Ivan"]
[Result "0-1"]
[WhiteElo "2140"]
[BlackElo "2508"]
[PlyCount "134"]
[EventDate "2011.12.01"]
[EventType "swiss"]
[EventRounds "7"]
[EventCountry "CRO"]
[SourceTitle "CBM 145 Extra"]
[Source "ChessBase"]
[SourceDate "2012.01.03"]
[SourceVersion "1"]
[SourceVersionDate "2012.01.03"]
[SourceQuality "1"]

1. Nf3 e6 2. g3 b6 3. Bg2 Bb7 4. 0-0 Nf6 5. d3 d5 6. b3 a5 7. a3 Bc5 8. e3 0-0 9. Bb2 Re8 10. Nbd2 Nbd7 11. Qe2 e5 12. Nh4 Nf8 13. c3 Qd7 14. b4 Bd6 15. e4 dxe4 16. Nxe4 Nxe4 17. Bxe4 Bxe4 18. dxe4 Ng6 19. Nf5 Ne7 20. Ne3 Qc6 21. Qc4 b5 22. Qxc6 Nxc6 23. Rfd1 g6 24. Nd5 Kg7 25. Ne3 Rab8 26. Nf1 f5 27. Nd2 Rf8 28. Kg2 Ra8 29. Nb3 Kf7 30. Rd5 Rfb8 31. Rad1 Ne7 32. R5d2 Nc6 33. Rd5 Rb6 34. Bc1 Ne7 35. R5d2 a4 36. Na1 Rc6 37. Bb2 fxe4 38. Nc2 Nf5 39. Re2 e3 40. Nxe3 Nxe3+ 41. Rxe3 Rc4 42. f3 Ke6 43. Re4 Rxe4 44. fxe4 Rc8 45. Kf3 c5 46. Rd5 cxb4 47. axb4 Rb8 48. Ke2 Kd7 49. Ba3 Kc6 50. Kd3 Rf8 51. Ke2 g5 52. c4 Rb8 53. c5 Bc7 54. Rd3 g4 55. Rd1 h5 56. Rf1 h4 57. Rf6+ Kb7 58. Rg6 hxg3 59. hxg3 Rh8 60. c6+ Ka6 61. Bc1 Rd8 62. Rxg4 Rd4 63. Be3 Rc4 64. Bc5 Bb6 65. Rg7 Bxc5 66. bxc5 Rxc5 67. c7 a3 0-1

[Event "CRO-chT2 West"]
[Site "Croatia"]
[Date "2011.03.13"]
[Round "3.22"]
[White "Orenda, Omar"]
[Black "Antunovic, Ivo"]
[Result "1-0"]
[WhiteElo "2145"]
[BlackElo "2143"]
[PlyCount "65"]
[EventDate "2011.03.12"]
[EventType "team-tourn"]
[EventRounds "9"]
[EventCountry "CRO"]
[SourceTitle "EXT 2014"]
[Source "ChessBase"]
[SourceDate "2013.11.20"]
[SourceVersion "1"]
[SourceVersionDate "2013.11.20"]
[SourceQuality "1"]

1. d4 g6 2. e4 d6 3. f4 Bg7 4. Nf3 Nf6 5. e5 dxe5 6. fxe5 Nd5 7. c4 Nb6 8. c5 Nd5 9. Bc4 0-0 10. Qb3 c6 11. Nc3 Nxc3 12. bxc3 b5 13. cxb6 axb6 14. 0-0 e6 15. Bg5 Qc7 16. Rab1 Ba6 17. Nd2 h6 18. Bh4 g5 19. Bg3 Bxc4 20. Nxc4 b5 21. Nd6 Qa7 22. Rf2 Qa4 23. Qb2 Ra7 24. Rbf1 Rd7 25. h4 c5 26. hxg5 hxg5 27. Ne4 cxd4 28. Qe2 d3 29. Qf3 d2 30. Nxd2 g4 31. Qe3 Qa7 32. Qg5 Rd3 33. Ne4 1-0

[Event "Mediterranean op-B 4th"]
[Site "Rijeka"]
[Date "2010.11.20"]
[Round "9"]
[White "Andraschko, Felix"]
[Black "Antunovic, Ivo"]
[Result "0-1"]
[WhiteElo "2068"]
[BlackElo "2153"]
[PlyCount "70"]
[EventDate "2010.11.13"]
[EventType "swiss"]
[EventRounds "9"]
[EventCountry "CRO"]
[SourceTitle "EXT 2011"]
[Source "ChessBase"]
[SourceDate "2010.11.26"]
[SourceVersion "1"]
[SourceVersionDate "2010.11.26"]
[SourceQuality "1"]

1. Nf3 Nf6 2. c4 g6 3. Nc3 Bg7 4. e4 d6 5. d4 0-0 6. Be2 e5 7. 0-0 Nc6 8. d5 Ne7 9. b4 a5 10. Ba3 axb4 11. Bxb4 Nh5 12. Re1 Nf4 13. Bf1 b6 14. a4 f5 15. Nd2 g5 16. g3 Nfg6 17. exf5 Nxf5 18. Nce4 Nd4 19. Ra3 Bd7 20. Bg2 g4 21. Nc3 Rf7 22. Nb5 Bf5 23. Ne4 Bxe4 24. Bxe4 Qf6 25. Rf1 Nf3+ 26. Kg2 Raf8 27. Nc3 Qg5 28. Bxf3 gxf3+ 29. Kh1 Qg4 30. Qd3 Rf5 31. Re1 Rh5 32. Qf1 Nf4 33. Re4 Rxh2+ 34. Kxh2 Qh5+ 35. Kg1 Rf6 0-1

[Event "Mediterranean op-B 4th"]
[Site "Rijeka"]
[Date "2010.11.14"]
[Round "2"]
[White "Monjac, Mislav"]
[Black "Antunovic, Ivo"]
[Result "0-1"]
[WhiteElo "1956"]
[BlackElo "2141"]
[PlyCount "38"]
[EventDate "2010.11.13"]
[EventType "swiss"]
[EventRounds "9"]
[EventCountry "CRO"]
[SourceTitle "EXT 2011"]
[Source "ChessBase"]
[SourceDate "2010.11.26"]
[SourceVersion "1"]
[SourceVersionDate "2010.11.26"]
[SourceQuality "1"]

1. e4 d6 2. d4 Nf6 3. Nc3 g6 4. Bg5 Bg7 5. Qd2 0-0 6. 0-0-0 c6 7. Kb1 b5 8. f3 b4 9. Nce2 Qa5 10. h4 Be6 11. a3 c5 12. h5 Qa4 13. d5 bxa3 14. b3 a2+ 15. Kb2 Nxe4+ 16. c3 a1Q+ 17. Rxa1 Qxa1+ 18. Kxa1 Nxd2 19. Bxd2 Bxd5 0-1

[Event "CRO-chT1B 19th"]
[Site "Sibenik"]
[Date "2010.09.06"]
[Round "3"]
[White "Antunovic, Ivo"]
[Black "Zovko, Mario"]
[Result "0-1"]
[WhiteElo "2153"]
[BlackElo "2213"]
[PlyCount "178"]
[EventDate "2010.09.04"]
[EventType "team-tourn"]
[EventRounds "9"]
[EventCountry "CRO"]
[SourceTitle "CBM 138 Extra"]
[Source "ChessBase"]
[SourceDate "2010.10.29"]
[SourceVersion "1"]
[SourceVersionDate "2010.10.29"]
[SourceQuality "1"]

1. Nf3 d5 2. g3 c5 3. Bg2 Nc6 4. 0-0 e6 5. d3 Bd6 6. e4 Nge7 7. Nc3 0-0 8. Re1 d4 9. Ne2 e5 10. Rf1 Ng6 11. Nd2 Be6 12. Nc4 Bc7 13. a4 f5 14. exf5 Bxf5 15. Nd2 Qd7 16. Ne4 b6 17. Kh1 Rae8 18. Ng1 Bg4 19. Qd2 a5 20. h3 Be6 21. Kh2 Nb4 22. Qe2 Bd8 23. Bg5 h6 24. Bxd8 Qxd8 25. Rae1 Qd7 26. b3 Nd5 27. Qd2 Bf5 28. Qe2 Re7 29. Bf3 Kh7 30. Bg4 Ref7 31. Bxf5 Rxf5 32. Ra1 Qf7 33. f3 Qd7 34. g4 R5f7 35. Ng3 Ne3 36. Rf2 Nf4 37. Qd2 Qe7 38. Nf1 Nfd5 39. Re1 Qg5 40. Kh1 Qh4 41. Nxe3 dxe3 42. Rxe3 Nxe3 43. Qxe3 Qg3 44. Rg2 Qf4 45. Re2 Qxe3 46. Rxe3 Re8 47. Kg2 Rd7 48. Ne2 Kg8 49. Nc3 Kf7 50. Ne4 Ree7 51. Nd2 Re6 52. Nc4 Kf6 53. Nd2 Ke7 54. Ne4 Kd8 55. Nd2 Rde7 56. Re1 Kc7 57. Nc4 Kc6 58. Na3 g6 59. Re4 Re8 60. Nb5 Rf6 61. Re3 h5 62. Nc3 hxg4 63. hxg4 Rf7 64. Ne4 Rfe7 65. Re1 Rh8 66. Ng5 Kd5 67. Re4 Rb8 68. Kg3 Kc6 69. Kg2 b5 70. axb5+ Kxb5 71. f4 Rbe8 72. fxe5 Rxe5 73. Rxe5 Rxe5 74. Ne4 Kb4 75. Kf3 g5 76. Ke3 Re7 77. d4 c4 78. d5 cxb3 79. cxb3 Kxb3 80. d6 Re8 81. Kd4 a4 82. Nc5+ Kb4 83. Nd3+ Kb5 84. Kd5 a3 85. Nc1 Re1 86. Na2 Rd1+ 87. Ke6 Kc6 88. Nb4+ Kc5 89. Na6+ Kc4 0-1

[Event "CRO-chT1B 19th"]
[Site "Sibenik"]
[Date "2010.09.05"]
[Round "2"]
[White "Markotic, Gordan"]
[Black "Antunovic, Ivo"]
[Result "1-0"]
[WhiteElo "2279"]
[BlackElo "2153"]
[PlyCount "79"]
[EventDate "2010.09.04"]
[EventType "team-tourn"]
[EventRounds "9"]
[EventCountry "CRO"]
[SourceTitle "CBM 138 Extra"]
[Source "ChessBase"]
[SourceDate "2010.10.29"]
[SourceVersion "1"]
[SourceVersionDate "2010.10.29"]
[SourceQuality "1"]

1. d4 d6 2. c4 e5 3. dxe5 dxe5 4. Qxd8+ Kxd8 5. Nc3 c6 6. g3 Be6 7. b3 Kc7 8. Bh3 Bxh3 9. Nxh3 f6 10. 0-0 Nd7 11. Bb2 Nh6 12. Kg2 Be7 13. Rad1 Rhe8 14. Bc1 Nf7 15. Bd2 Nf8 16. f4 Rad8 17. f5 Rd7 18. Bc1 Rxd1 19. Rxd1 Rd8 20. Rxd8 Nxd8 21. Nf2 Nd7 22. Nfe4 a6 23. g4 b5 24. cxb5 axb5 25. a4 b4 26. Nb1 Nb7 27. Be3 Ndc5 28. Bxc5 Bxc5 29. Nbd2 Be7 30. Nc4 Nc5 31. Nxc5 Bxc5 32. Kf3 Kd7 33. Ke4 Kc7 34. Kd3 Kb7 35. Nd2 Kb6 36. Ne4 Be7 37. Kc4 h6 38. Nf2 Ka6 39. Nd3 Ka5 40. Nc5 1-0

[Event "Mediterranean op 3rd"]
[Site "Rijeka"]
[Date "2009.12.02"]
[Round "6"]
[White "Antunovic, Ivo"]
[Black "Brumen, Dinko"]
[Result "1/2-1/2"]
[WhiteElo "2132"]
[BlackElo "2349"]
[PlyCount "129"]
[EventDate "2009.11.27"]
[EventType "swiss"]
[EventRounds "9"]
[EventCountry "CRO"]
[SourceTitle "CBM 133 Extra"]
[Source "ChessBase"]
[SourceDate "2010.01.05"]
[SourceVersion "1"]
[SourceVersionDate "2010.01.05"]
[SourceQuality "1"]

1. Nf3 d5 2. g3 Nf6 3. Bg2 c5 4. 0-0 Nc6 5. d3 g6 6. Nc3 Bg7 7. a3 d4 8. Na4 Qd6 9. c4 0-0 10. Rb1 Nd7 11. Bd2 a5 12. b4 axb4 13. axb4 cxb4 14. Qb3 e5 15. Bxb4 Nxb4 16. Qxb4 Qc7 17. Nb6 Nxb6 18. Qxb6 Qe7 19. Ra1 Rxa1 20. Rxa1 f5 21. Rb1 Rf6 22. Qb5 Rf8 23. Nd2 Bh6 24. Nb3 Rf6 25. Qc5 Qe8 26. Na5 Bf8 27. Qd5+ Kh8 28. Nxb7 g5 29. Qd8 Qxd8 30. Nxd8 Kg7 31. Rb8 Ba6 32. Nc6 e4 33. Nxd4 exd3 34. exd3 Bc5 35. Nb3 Be7 36. Bd5 f4 37. Nd4 fxg3 38. hxg3 Kh6 39. g4 Bf8 40. Nf5+ Kg6 41. Kg2 h5 42. f3 h4 43. Ra8 Kh7 44. Ra7+ Kh8 45. Rf7 Rxf7 46. Bxf7 Bc8 47. Nd4 Kg7 48. Bd5 Kf6 49. Ne2 Ba3 50. Be4 Ba6 51. Kh3 Bd6 52. f4 gxf4 53. Kxh4 Ke5 54. Bf3 Bc5 55. Kh5 Be3 56. Kg6 Bc8 57. g5 Bf5+ 58. Kh5 Bxd3 59. g6 Bxc4 60. Nc3 Bd4 61. Ne2 Bc5 62. Kh6 Bf8+ 63. g7 Bxg7+ 64. Kxg7 Bxe2 65. Bxe2 1/2-1/2

[Event "Mediterranean op 3rd"]
[Site "Rijeka"]
[Date "2009.11.29"]
[Round "2"]
[White "Antunovic, Ivo"]
[Black "Lekic, Dusan"]
[Result "1/2-1/2"]
[WhiteElo "2132"]
[BlackElo "2387"]
[PlyCount "80"]
[EventDate "2009.11.27"]
[EventType "swiss"]
[EventRounds "9"]
[EventCountry "CRO"]
[SourceTitle "CBM 133 Extra"]
[Source "ChessBase"]
[SourceDate "2010.01.05"]
[SourceVersion "1"]
[SourceVersionDate "2010.01.05"]
[SourceQuality "1"]

1. Nf3 c5 2. g3 Nc6 3. Bg2 e5 4. 0-0 g6 5. c4 Bg7 6. Nc3 Nge7 7. Ne1 0-0 8. Nc2 d6 9. Ne3 Be6 10. d3 Qd7 11. Bd2 Bh3 12. a3 Bxg2 13. Kxg2 f5 14. Ned5 Nxd5 15. Nxd5 e4 16. Rb1 exd3 17. exd3 Rae8 18. Re1 b6 19. b4 Rxe1 20. Qxe1 Re8 21. Qf1 Ne7 22. Nxe7+ Rxe7 23. Re1 d5 24. Rxe7 Qxe7 25. Qe1 Kf7 26. Qxe7+ Kxe7 27. b5 Ke6 28. Kf3 Be5 29. h3 Bf6 30. a4 g5 31. g4 f4 32. a5 Be5 33. a6 d4 34. Ke4 Bd6 35. f3 h6 36. Be1 Bc7 37. h4 Bd6 38. h5 Be5 39. Bf2 Bf6 40. Bg1 Be5 1/2-1/2

[Event "Pula op"]
[Site "Pula"]
[Date "2009.06.28"]
[Round "2"]
[White "Antunovic, Ivo"]
[Black "Plenkovic, Zdenko"]
[Result "1/2-1/2"]
[WhiteElo "2117"]
[BlackElo "2365"]
[PlyCount "113"]
[EventDate "2009.06.27"]
[EventType "swiss"]
[EventRounds "9"]
[EventCountry "CRO"]
[SourceTitle "CBM 131 Extra"]
[Source "ChessBase"]
[SourceDate "2009.09.03"]
[SourceVersion "2"]
[SourceVersionDate "2009.09.16"]
[SourceQuality "1"]

1. g3 Nf6 2. Bg2 d5 3. Nf3 g6 4. 0-0 Bg7 5. d3 0-0 6. Nc3 c5 7. e4 Nc6 8. Nxd5 Nxd5 9. exd5 Qxd5 10. Nd2 Qd7 11. a4 Qc7 12. Nc4 Be6 13. Bf4 Qd7 14. Re1 Bd5 15. Ne5 Bxe5 16. Bxe5 Bxg2 17. Kxg2 Qd5+ 18. Qf3 Qxf3+ 19. Kxf3 f6 20. Bc3 Kf7 21. Re4 Rfd8 22. Rh4 h5 23. Rc4 Rd5 24. Re1 Rad8 25. Kg2 R8d7 26. f4 g5 27. fxg5 Rxg5 28. Rf4 Rdd5 29. Ref1 Kg6 30. R1f2 Rg4 31. h3 Rxf4 32. Rxf4 e5 33. Rf2 Rd7 34. g4 hxg4 35. hxg4 Rh7 36. Kf3 Rh3+ 37. Ke4 Rg3 38. Kd5 Rxg4 39. a5 Kf7 40. Kxc5 Ra4 41. b4 Ke6 42. Rh2 Ne7 43. Kc4 Nd5 44. Kb3 Nxc3 45. Kxc3 b6 46. axb6 axb6 47. Rh8 Kd5 48. Rd8+ Ke6 49. Rb8 f5 50. Rxb6+ Kd5 51. Rb5+ Kd6 52. Rb8 f4 53. Rf8 Kd5 54. Rd8+ Ke6 55. Rf8 Kd5 56. Rd8+ Ke6 57. Rf8 1/2-1/2

[Event "Porec op"]
[Site "Porec"]
[Date "2003.??.??"]
[Round "4"]
[White "Antunovic, Ivo"]
[Black "Jovanic, Ognjen"]
[Result "0-1"]
[WhiteElo "2138"]
[BlackElo "2424"]
[PlyCount "74"]
[EventDate "2003.12.04"]
[EventType "swiss"]
[EventRounds "7"]
[EventCountry "CRO"]
[SourceTitle "CBM 097 Extra"]
[Source "ChessBase"]
[SourceDate "2004.01.13"]
[SourceVersion "1"]
[SourceVersionDate "2004.01.13"]
[SourceQuality "1"]

1. e4 c5 2. c3 g6 3. d3 Bg7 4. Be2 Nc6 5. f4 e6 6. Nf3 Nge7 7. 0-0 d6 8. Be3 b6 9. d4 0-0 10. Nbd2 Bb7 11. Rc1 Qd7 12. a3 f5 13. e5 Nd5 14. Kf2 cxd4 15. cxd4 g5 16. Nc4 gxf4 17. Bd2 dxe5 18. dxe5 b5 19. Nd6 Nxe5 20. Nxb7 Ng4+ 21. Kg1 Qxb7 22. Qb3 Qb6+ 23. Kh1 Nf2+ 24. Kg1 Nd3+ 25. Kh1 Nxc1 26. Bxc1 a6 27. Ng5 h6 28. Nh3 Rad8 29. Nxf4 Nxf4 30. Bxf4 Kh7 31. Qg3 e5 32. Bc1 Qg6 33. Qf3 Rc8 34. Qb3 e4 35. a4 Qf7 36. Qh3 Rc2 37. Bh5 Qc4 0-1

[Event "CRO-ch op"]
[Site "Pula"]
[Date "1999.??.??"]
[Round "1"]
[White "Antunovic, Ivo"]
[Black "Ljubicic, Filip"]
[Result "0-1"]
[WhiteElo "2048"]
[BlackElo "2396"]
[PlyCount "68"]
[EventDate "1999.??.??"]
[EventType "swiss"]
[EventRounds "9"]
[EventCountry "CRO"]
[SourceTitle "EXT 2001"]
[Source "ChessBase"]
[SourceDate "2000.11.22"]
[SourceVersion "1"]
[SourceVersionDate "2000.11.22"]
[SourceQuality "1"]

1. e4 c5 2. Nf3 e6 3. d4 cxd4 4. Nxd4 a6 5. Bd3 Bc5 6. Nb3 Be7 7. 0-0 Nc6 8. a4 Nf6 9. Kh1 d5 10. exd5 Nxd5 11. Be4 0-0 12. Bxd5 exd5 13. Be3 Bf6 14. c3 Re8 15. Na3 Be5 16. Nc2 Qh4 17. f4 Bc7 18. Qf3 Bf5 19. Nbd4 Be4 20. Qg3 Qe7 21. Rae1 f5 22. Bg1 Qf7 23. Re3 Ne7 24. Ne1 Ng6 25. Nd3 Bd6 26. h3 Qf6 27. Qg5 Qxg5 28. fxg5 f4 29. Rxe4 dxe4 30. Nf2 Re5 31. Bh2 Rf8 32. Re1 e3 33. Ng4 Re4 34. Kg1 Bc5 0-1

[Event "CRO-ch op"]
[Site "Pula"]
[Date "1999.??.??"]
[Round "3"]
[White "Antunovic, Ivo"]
[Black "Rogic, Davor"]
[Result "0-1"]
[WhiteElo "2048"]
[BlackElo "2475"]
[PlyCount "50"]
[EventDate "1999.??.??"]
[EventType "swiss"]
[EventRounds "9"]
[EventCountry "CRO"]
[SourceTitle "EXT 2001"]
[Source "ChessBase"]
[SourceDate "2000.11.22"]
[SourceVersion "1"]
[SourceVersionDate "2000.11.22"]
[SourceQuality "1"]

1. e4 c5 2. Nf3 e6 3. d4 cxd4 4. Nxd4 Nf6 5. Nc3 d6 6. Be3 a6 7. f3 Nbd7 8. Qd2 b5 9. 0-0-0 Bb7 10. g4 Nb6 11. Qf2 Nfd7 12. g5 Rc8 13. e5 dxe5 14. Nxe6 fxe6 15. Bh3 Rc6 16. g6 Qc7 17. Qh4 Be7 18. Qxh7 Rf8 19. Qxg7 Rxc3 20. Bxb6 Nxb6 21. Qh6 Rxc2+ 22. Kb1 Na4 23. Rc1 Rxb2+ 24. Ka1 Qd6 25. Qe3 Qd5 0-1

[Event "CRO-chT"]
[Site "Porec"]
[Date "1998.09.13"]
[Round "7"]
[White "Njirjak, Josip"]
[Black "Antunovic, Ivo"]
[Result "1-0"]
[WhiteElo "2290"]
[BlackElo "2085"]
[PlyCount "93"]
[EventDate "1998.09.??"]
[EventType "team"]
[EventRounds "9"]
[EventCountry "CRO"]
[SourceTitle "EXT 1999"]
[Source "ChessBase"]
[SourceDate "1998.11.16"]
[SourceVersion "1"]
[SourceVersionDate "1998.11.16"]
[SourceQuality "1"]

1. Nf3 Nf6 2. g3 g6 3. Bg2 Bg7 4. c4 0-0 5. 0-0 d6 6. Nc3 e5 7. d3 Nc6 8. Rb1 a5 9. a3 h6 10. b4 axb4 11. axb4 Be6 12. b5 Ne7 13. Qc2 Qd7 14. Rd1 Bh3 15. Bh1 Rab8 16. b6 c6 17. c5 Nfd5 18. cxd6 Qxd6 19. Ne4 Qd8 20. Ba3 f5 21. Nc5 f4 22. Ne4 Nf5 23. Bxf8 Qxf8 24. Nc3 Kh7 25. Nxd5 cxd5 26. Rb5 Rd8 27. Bg2 Bxg2 28. Kxg2 Qe8 29. Rb4 g5 30. g4 Nd6 31. h3 Kh8 32. Nd2 Rc8 33. Qa2 Qc6 34. Rbb1 d4+ 35. Kh2 Nb5 36. Qa4 Nc3 37. Qxc6 Rxc6 38. Rdc1 Re6 39. Rb3 Nd5 40. Rc8+ Kh7 41. Nc4 e4 42. dxe4 Rxe4 43. Rc7 Rxe2 44. Rxb7 Nxb6 45. Nxb6 Rxf2+ 46. Kg1 Re2 47. Nd5 1-0